000 00831nam a22001817a 4500
999 _c58792
_d58792
005 20230324111843.0
008 220805s2022 ge ||||| |||| 00| 0 geo d
020 _q01321447
041 _ageo
245 _aმოამბე /
_cრედაქტორი გიორგი კვესიტაძე; საქართველოს მეცნიერებათა ეროვნული აკადემია.
260 _aთბილისი,
_c2022.
300 _av.
653 _aმოამბე
653 _aპერიოდიკა
700 _aკვესიტაძე, გიორგი
_eრედაქტორი
_914510
710 _a საქართველოს მეცნიერებატა ეროვნული აკადემია
_914511
942 _2udc
_cCR